000 01932nam a22001457a 4500
999 _c517141
_d517141
008 210702b ||||| |||| 00| 0 eng d
100 _aKraft, Matthew A., Papay, John P. and Chi, Olivia L.
_926186
245 _aTeacher skill development: evidence from performance ratings by principals
260 _aJournal of Policy analysis and Management
300 _a39(2), Spring, 2020: p.315-347
520 _aWe examine the dynamic nature of teacher skill development using panel data on principals’ subjective performance ratings of teachers. Past research on teacher productivity improvement has focused primarily on one important but narrow measure of performance: teachers’ value-added to student achievement on standardized tests. Unlike value-added, subjective performance ratings provide detailed information about specific skill dimensions and are available for teachers in non-tested grades and subjects. Using a within-teacher returns-to-experience framework, we find, on average, large and rapid improvements in teachers’ instructional practices throughout their first 10 years on the job as well as substantial differences in improvement rates across individual teachers. We also document that subjective performance ratings contain important information about teacher effectiveness. In the district we study, principals appear to differentiate teacher performance throughout the full distribution instead of just in the tails. Furthermore, prior performance ratings and gains in these ratings provide additional information about teachers’ ability to improve test scores that is not captured by prior value-added scores. Taken together, our study provides new insights on teacher performance improvement and variation in teacher development across instructional skills and individual teachers. – Reproduced
773 _aJournal of Policy analysis and Management
906 _aSKILL DEVELOPMENT
942 _cAR